00518nam a22001697a 450000500170000001000140001702000230003103500130005403700130006708200160008010000150009624500880011126000370019927000470023630000240028350000410030720100812143735.0 aENG-99933 a8188965464c375.00 aEN-83465 bDBAD/PUB a306.2709546 aKazi,Seema aBetween democracy & nation :bgender and militarisation in Kashmir /cby Seema Kazi aNew DelhibWomen Unlimitedc2009 aK-36, Hauz Khas EnclavebNew Delhie110016 axxix,222pc21cm(Hb) aIncludes bibliographical references